10 największych miast w Mongolii - Statystyki

Ogólne statystyki
  • Ten quiz został rozwiązany 60 razy
  • Średni wynik to 2 z 10
Statystyki odpowiedzi
Liczba mieszkańców Nazwa miasta % Poprawnych
1 144 954 Ułan Bator
100%
83 379 Erdenet
33%
74 738 Darchan
25%
35 789 Moron
18%
38 537 Czojbalsan
16%
29 392 Olgij
14%
29 817 Bajanchongor
12%
29 012 Chowd
12%
27 152 Ulaangom
10%
27 000 Arwajcheer
4%
Nie znaleziono quizów pasujących do podanych kryteriów
Rozkład punktacji
Procent ludzi z każdym wynikiem
Percentyl według liczby udzielonych odpowiedzi
Twoja historia wyników
Nie rozwiązałeś tego quizu